000 00939na a2200313 4500
001 16541
003 MIRAKIL
005 20181213154916.0
008 161008b tu 000 0
020 _a9759693534
035 _a16541
040 _aMilas
_btur
_cTR-AnCHP
041 _atur
082 _a324.956 1877-1999
_bT85o 2002
090 _a324.956 1877-1999 T85o 2002
100 _aTuncer, Erol
245 _aOsmanlı'dan günümüze seçimler: (1877-1999)
_cErol Tuncer
260 _aAnkara
_bTESAV yayınları
_c2002
300 _a496 s.
_btbl.
_c24 sm.
490 _aTESAV yayınları
_v17
500 _aYapıt yazarından imzalıdır.
650 _aSeçimler
_xOsmanlı Devleti
_y1877
650 _aSeçimler
_y1923-1999
_zTürkiye
650 _aAnayasalar
_zTürkiye
650 _aSeçim hukuku
_zTürkiye
650 _aSiyasal partiler
_xHukuk ve mevzuat
_zTürkiye
650 _aSeçim sistemleri
942 _2dcc
_cBKS
999 _c3003
_d3003